<?xml version="1.0" encoding="UTF-8"?><marc:collection xmlns:marc="http://www.loc.gov/MARC21/slim">
  <marc:record>
    <marc:leader>00000nam##2200000za#4500</marc:leader>
    <marc:controlfield tag="001">9.632281</marc:controlfield>
    <marc:controlfield tag="003">CaOODSP</marc:controlfield>
    <marc:controlfield tag="005">20210624214730</marc:controlfield>
    <marc:controlfield tag="007">cr |||||||||||</marc:controlfield>
    <marc:controlfield tag="008">150407|2005||||xxc|||||o    f|0| 0 fre|d</marc:controlfield>
    <marc:datafield tag="040" ind1=" " ind2=" ">
      <marc:subfield code="a">CaOODSP</marc:subfield>
      <marc:subfield code="b">fre</marc:subfield>
    </marc:datafield>
    <marc:datafield tag="043" ind1=" " ind2=" ">
      <marc:subfield code="a">n-cn---</marc:subfield>
    </marc:datafield>
    <marc:datafield tag="086" ind1="1" ind2=" ">
      <marc:subfield code="a">RC31-26/2005F-PDF</marc:subfield>
    </marc:datafield>
    <marc:datafield tag="110" ind1="1" ind2=" ">
      <marc:subfield code="a">Canada.</marc:subfield>
      <marc:subfield code="b">Commission des revendications des Indiens.</marc:subfield>
    </marc:datafield>
    <marc:datafield tag="245" ind1="1" ind2="0">
      <marc:subfield code="a">Enquête sur la revendication de la Nation crie de James Smith relative aux droits fonciers issus de traité - Rapport sur la question 9: la fusion / </marc:subfield>
      <marc:subfield code="h">[ressource électronique]</marc:subfield>
      <marc:subfield code="c">Comité: Renée Dupuis, présidente, Alan C. Holman, commissaire. </marc:subfield>
    </marc:datafield>
    <marc:datafield tag="260" ind1=" " ind2=" ">
      <marc:subfield code="a">Ottawa - Ontario : </marc:subfield>
      <marc:subfield code="b">Commission des revendications des Indiens </marc:subfield>
      <marc:subfield code="c">2005.</marc:subfield>
    </marc:datafield>
    <marc:datafield tag="300" ind1=" " ind2=" ">
      <marc:subfield code="a">78p.</marc:subfield>
    </marc:datafield>
    <marc:datafield tag="520" ind1="3" ind2=" ">
      <marc:subfield code="a">Ce rapport porte sur une question liée à l’enquête, lancée en 1999, sur le rejet de la revendication de la Nation crie de James Smith relative à des droits fonciers issus de traités, à savoir : y a-t-il eu fusion légale de la « Bande de Peter Chapman » et de la Bande de James Smith? Le rapport passe en revue les faits relatifs au dossier et renferme l’analyse juridique et les constatations de la Commission des revendications des Indiens ainsi que ses recommandations à l’intention des parties.</marc:subfield>
    </marc:datafield>
    <marc:datafield tag="590" ind1=" " ind2=" ">
      <marc:subfield code="a">05-41</marc:subfield>
      <marc:subfield code="b">2005-10-14</marc:subfield>
    </marc:datafield>
    <marc:datafield tag="775" ind1="0" ind2="8">
      <marc:subfield code="t">James Smith Cree Nation, Treaty Land Entitlement Inquiry Report on issue 9, amalgamation / </marc:subfield>
      <marc:subfield code="w">(CaOODSP)9.687841</marc:subfield>
    </marc:datafield>
    <marc:datafield tag="776" ind1="0" ind2="#">
      <marc:subfield code="t">Enquête sur la revendication de la Nation crie de James Smith relative aux droits fonciers issus de traité - Rapport sur la question 9: la fusion / </marc:subfield>
      <marc:subfield code="w">(CaOODSP)9.683030</marc:subfield>
    </marc:datafield>
    <marc:datafield tag="856" ind1="4" ind2="0">
      <marc:subfield code="a">http://publications.gc.ca</marc:subfield>
      <marc:subfield code="q">PDF</marc:subfield>
      <marc:subfield code="s">603 Ko</marc:subfield>
      <marc:subfield code="u">https://publications.gc.ca/collections/Collection/RC31-26-2005F.pdf</marc:subfield>
    </marc:datafield>
  </marc:record>
</marc:collection>
